Partidos Judiciales de Andalucía (listado) - Estadísticas

Estadísticas generales
  • Esta prueba ha sido intentada 51 veces
  • La puntuación promedio es 55 de 94
Estadísticas de respuestas
Cabeza de Partido Nº Municipios % Correcto
Almería Almería Almería
98%
1 Almería 46
98%
Córdoba Córdoba Córdoba
98%
8 Córdoba 6
98%
Jaén Jaén Jaén
98%
1 Jaén 21
98%
Cádiz Cádiz Cádiz
95%
4 Cádiz 1
95%
Huelva Huelva Huelva
93%
2 Huelva 8
93%
6 Marbella 4
93%
Sevilla Sevilla Sevilla
93%
6 Sevilla 22
93%
7 Jerez de la Frontera 2
90%
Málaga Málaga Málaga
90%
3 Málaga 18
90%
Granada Granada Granada
88%
3 Granada 54
88%
1 Antequera 11
85%
4 Ronda 24
85%
3 Algeciras 3
83%
5 Ayamonte 7
83%
5 Roquetas de Mar 1
83%
12 Dos Hermanas 1
80%
2 Vélez-Málaga 17
80%
5 Baeza 4
78%
7 El Ejido 2
78%
6 Linares 4
78%
5 Fuengirola 2
76%
10 Úbeda 6
76%
10 Écija 4
73%
9 Utrera 5
73%
1 Chiclana de la Frontera 6
71%
10 El Puerto de Santa María 1
71%
9 San Fernando 1
71%
11 Alcalá de Guadaira 1
68%
7 Estepona 3
68%
8 La Línea de la Concepción 1
68%
4 Motril 15
68%
7 Lucena 7
66%
6 Sanlúcar de Barrameda 3
66%
12 Torremolinos 2
66%
2 Guadix 34
63%
12 Puerto Real 1
63%
1 Aracena 30
61%
6 Baza 8
61%
4 Carmona 3
61%
15 Estepa 10
61%
4 Andújar 8
59%
11 Rota 1
59%
11 Montilla 9
56%
12 Puente Genil 1
56%
9 Almuñécar 4
54%
1 Osuna 8
54%
2 Arcos de la Frontera 13
51%
13 Barbate 2
51%
7 Morón de la Frontera 5
51%
8 Cazorla 11
49%
1 Loja 19
49%
3 Pozoblanco 13
49%
8 Lebrija 3
46%
13 Marchena 3
46%
9 Torrox 8
46%
10 Cabra 4
44%
9 Martos 8
44%
6 Moguer 5
44%
10 Coín 5
41%
4 Baena 3
39%
9 Priego de Córdoba 4
39%
2 Alcalá la Real 4
37%
5 San Roque 5
37%
7 Santa Fe 12
37%
4 Vera 10
37%
14 Coria del Río 5
34%
3 La Palma del Condado 11
34%
5 Lora del Río 10
34%
14 Ubrique 7
34%
3 Huércal-Overa 8
32%
3 La Carolina 9
32%
1 Montoro 9
32%
6 Peñarroya-Pueblonuevo 11
32%
4 Valverde del Camino 19
29%
8 Huéscar 6
27%
3 Sanlúcar la Mayor 16
24%
6 Vélez-Rubio 4
24%
7 Villacarrillo 21
22%
5 Órgiva 26
20%
2 Aguilar de la Frontera 3
17%
11 Archidona 7
17%
2 Berja 9
17%
2 Cazalla de la Sierra 9
17%
8 Melilla 1
12%
8 Purchena 21
10%
5 Posadas 8
7%
No se encontraron pruebas coincidentes
Distribución de puntuación
Porcentaje de gente con cada puntuación
Porcentaje por número respondido
Historial de tus puntuaciones
No has intentado esta prueba.